000 00678nam a2200205 i 4500
001 42563
003 ES-MaACL
005 20230906160634.0
007 t|
008 030407s2001 sp ||||1| spa d
020 _a84-931893-1-6
080 _a821.134.2-34"19"(082.2)
245 0 0 _aPalabras en la noche
_b: (la memoria desvelada) /
_cCarmen Gómez Ojea ... [et al.] ; coordinación y prólogo Isabel García Martín.
260 _aOurense :
_bLinteo,
_c[2001]
300 _a171 p. ;
_c23 cm.
650 4 _aCuentos españoles-
_yS.XX.
_911487
700 1 _aGómez Ojea, Carmen.
_958082
700 1 _aGarcía Martín, Isabel.
_954899
852 _aES-MaACL
_jL-26143
_bR.131890
999 _c42563
_d42563